The claims of truth: John Owen's trinitarian theology
| Main Author: | |
|---|---|
| Format: | Print Book |
| Language: | English |
| Subito Delivery Service: | Order now. |
| Check availability: | HBZ Gateway |
| WorldCat: | WorldCat |
| Interlibrary Loan: | Interlibrary Loan for the Fachinformationsdienste (Specialized Information Services in Germany) |
| Published: |
Carlisle
Paternoster
1998
|
| In: | Year: 1998 |
| Standardized Subjects / Keyword chains: | B
Owen, John 1616-1683
/ Theology
|
| Further subjects: | B
Theology, Doctrinal
England
History
17th century
B Puritans England Doctrines History 17th century B Owen John 1616-1683 Contributions in theology |
MARC
| LEADER | 00000cam a2200000 c 4500 | ||
|---|---|---|---|
| 001 | 1614873828 | ||
| 003 | DE-627 | ||
| 005 | 20251225195715.0 | ||
| 007 | tu | ||
| 008 | 010102s1998 xx ||||| 00| ||eng c | ||
| 016 | 7 | |a b9859829 |2 UK | |
| 020 | |a 0853647984 |9 0-85364-798-4 | ||
| 035 | |a (DE-627)1614873828 | ||
| 035 | |a (DE-576)088897567 | ||
| 035 | |a (DE-599)BSZ088897567 | ||
| 035 | |a (OCoLC)39278742 | ||
| 040 | |a DE-627 |b ger |c DE-627 |e rakwb | ||
| 041 | |a eng | ||
| 082 | 0 | |a 230.59092 | |
| 084 | |a 1 |2 ssgn | ||
| 100 | 1 | |0 (DE-588)114538255 |0 (DE-627)718351037 |0 (DE-576)172553946 |4 aut |a Trueman, Carl R. |d 1967- | |
| 109 | |a Trueman, Carl R. 1967- |a Trueman, Carl 1967- |a Trueman, Carl Russel 1967- |a Russel Trueman, Carl 1967- | ||
| 245 | 1 | 4 | |a The claims of truth |b John Owen's trinitarian theology |c Carl R. Trueman |
| 263 | |a pbk ; : £19.99 : Formerly CIP | ||
| 264 | 1 | |a Carlisle |b Paternoster |c 1998 | |
| 300 | |a XII, 267 S. | ||
| 336 | |a Text |b txt |2 rdacontent | ||
| 337 | |a ohne Hilfsmittel zu benutzen |b n |2 rdamedia | ||
| 338 | |a Band |b nc |2 rdacarrier | ||
| 583 | 1 | |a Archivierung prüfen |c 20200919 |f DE-640 |z 1 |2 pdager | |
| 583 | 1 | |a Archivierung/Langzeitarchivierung gewährleistet |f SSG |x XA-DE-BW |2 pdager |5 DE-21 | |
| 601 | |a Theologe | ||
| 650 | 4 | |a Owen |x John |x 1616-1683 |x Contributions in theology | |
| 650 | 4 | |a Puritans |x England |x Doctrines |x History |x 17th century | |
| 650 | 4 | |a Theology, Doctrinal |x England |x History |x 17th century | |
| 689 | 0 | 0 | |d p |0 (DE-588)119257602 |0 (DE-627)149200579 |0 (DE-576)211814660 |2 gnd |a Owen, John |d 1616-1683 |
| 689 | 0 | 1 | |d s |0 (DE-588)4059758-1 |0 (DE-627)104131446 |0 (DE-576)209132159 |2 gnd |a Theologie |
| 689 | 0 | |5 (DE-627) | |
| 935 | |a mteo | ||
| 951 | |a BO | ||
| ELC | |b 1 | ||
| ITA | |a 1 |t 1 | ||
| LOK | |0 000 xxxxxcx a22 zn 4500 | ||
| LOK | |0 001 3187257283 | ||
| LOK | |0 003 DE-627 | ||
| LOK | |0 004 1614873828 | ||
| LOK | |0 005 20020307000000 | ||
| LOK | |0 008 010102||||||||||||||||ger||||||| | ||
| LOK | |0 040 |a DE-21 |c DE-627 |d DE-21 | ||
| LOK | |0 852 |a DE-21 | ||
| LOK | |0 852 1 |c 40 A 15017 |9 00 | ||
| LOK | |0 935 |a theo | ||
| LOK | |0 936ln |a t4.5 | ||
| LOK | |0 939 |a 02-01-01 |b l01 | ||
| ORI | |a SA-MARC-ixtheoa001.raw | ||
| STA | 0 | 0 | |a Theology,Theology |
| STB | 0 | 0 | |a Théologie,Théologie |
| STC | 0 | 0 | |a Teología,Teología |
| STD | 0 | 0 | |a Teologia,Teologia |
| STE | 0 | 0 | |a 神学家 |
| STF | 0 | 0 | |a 神學家 |
| STG | 0 | 0 | |a Teologia,Teologia |
| STH | 0 | 0 | |a Богословие (мотив),Богословие |
| STI | 0 | 0 | |a Θεολογία (μοτίβο),Θεολογία |
| SYE | 0 | 0 | |a Owen |
| SYG | 0 | 0 | |a Owenus, Joannes,1616-1683 , Christliche Theologie |